LEADER 01102nam0-22003611i-450- 001 990007066950403321 005 20080716112116.0 010 $a88-14-09271-0 035 $a000706695 035 $aFED01000706695 035 $a(Aleph)000706695FED01 035 $a000706695 100 $a20020327d2001----km-y0itay50------ba 101 0 $aita 102 $aIT 105 $ay---n---001yy 200 1 $a<>contratti a termine nel mercato differenziato$edalla L. n. 230/1962 al D.Lgs. n. 368/2001$fRenata Altavilla 210 $aMilano$cGiuffrè$d2001 215 $a277 p.$d24 cm 225 1 $aPubblicazioni della Facoltà di giurisprudenza della Università di Messina$v206 676 $a344.451542$v20$zit 700 1$aAltavilla,$bRenata$0147078 801 0$aIT$bUNINA$gRICA$2UNIMARC 901 $aBK 912 $a990007066950403321 952 $aA-IX-396$fDDRC 952 $aUNIVERSITA' 27(206)$b46148*$fFGBC 952 $aDPR 29/721$b19693$fDEC 959 $aDDRC 959 $aFGBC 959 $aDEC 996 $aContratti a termine nel mercato differenziato$9706253 997 $aUNINA LEADER 01925nas 2200589-- 450 001 9910647379303321 005 20230321210316.0 035 $a(CKB)110978977118090 035 $a(CONSER)---44046738- 035 $a(EXLCZ)99110978977118090 100 $a20750727a19339999 --- a 101 0 $aeng 181 $ctxt$2rdacontent 182 $cc$2rdamedia 183 $acr$2rdacarrier 200 00$aAnimal breeding abstracts 210 $a[Farnham Royal]$c[Commonwealth Agricultural Bureaux] 215 $a1 online resource 311 08$aPrint version: Animal breeding abstracts. 0003-3499 (DLC) 44046738 (OCoLC)1481177 531 $aANIMAL BREEDING ABSTRACTS A MONTHLY ABSTRACT OF WORLD LITERATURE 531 0 $aAnim. breed. abstr. 606 $aLivestock$xBreeding$vAbstracts$vPeriodicals 606 $aLivestock$vPeriodicals 606 $aLivestock$vAbstracts 606 $aAnimals, Domestic 606 $aBreeding 606 $aBétail$vPériodiques 606 $aÉlevage$xRésumés analytiques$vPériodiques 606 $aLivestock$2fast$3(OCoLC)fst01000722 606 $aLivestock$xBreeding$2fast$3(OCoLC)fst01000726 608 $aAbstracts. 608 $aAbstracts.$2fast 608 $aPeriodicals.$2fast 608 $aPeriodicals.$2rbgenr 615 0$aLivestock$xBreeding 615 0$aLivestock 615 0$aLivestock 615 2$aAnimals, Domestic. 615 2$aBreeding. 615 6$aBétail 615 6$aÉlevage$xRésumés analytiques 615 7$aLivestock. 615 7$aLivestock$xBreeding. 676 $a636.05 712 02$aImperial Bureau of Animal Breeding. 712 02$aImperial Bureau of Animal Breeding and Genetics. 712 02$aCommonwealth Bureau of Animal Breeding and Genetics. 906 $aJOURNAL 912 $a9910647379303321 920 $aexl_impl conversion 996 $aAnimal breeding abstracts$9801440 997 $aUNINA